00521nam a2200181 a 45000010010000000030011000100080041000210350026000620820014000881000021001022450026001232600037001496500015001869420012002019520091002139980020003049990015003240000-9169ELIB.Books110520 1966  a(ELIB.Books)0000-9321 a201 bMar aMarty, Martin E. aVarieties of Unbelief bGarden City: Anchor Books c1966 aPsychology 2ddccBK 00102ddc4070aKBTSbKBTSd2011-05-20l0p11710r2022-01-22 00:00:00w2022-01-22yBK cbate2011-05-20 c9169d9169